Vida de Juan Pablo Duarte /
में बचाया:
| मुख्य लेखक: | |
|---|---|
| स्वरूप: | अज्ञात |
| भाषा: | Spanish |
| प्रकाशित: |
República Dominicana :
Editora de la Salle,
1975.
|
| श्रृंखला: | (Instituto Duartiano ;
volumen 6) |
| विषय: | |
| टैग: |
टैग जोड़ें
कोई टैग नहीं, इस रिकॉर्ड को टैग करने वाले पहले व्यक्ति बनें!
|
MARC
| LEADER | 000000000a22000000004500 | ||
|---|---|---|---|
| 001 | 001520 | ||
| 041 | 0 | |a spa | |
| 082 | 0 | 4 | |a 92 |b D812t |
| 100 | 1 | |a Troncoso Sánchez, Pedro | |
| 245 | 1 | 0 | |a Vida de Juan Pablo Duarte / |c Pedro Troncoso Sánchez. |
| 260 | 1 | |a República Dominicana : |b Editora de la Salle, |c 1975. | |
| 300 | |a 522 páginas : |b retrato, 10 hojas de láminas. | ||
| 490 | 1 | |a (Instituto Duartiano ; |v volumen 6) | |
| 650 | 4 | |a DUARTE, JUAN PABLO, 1813-1876 | |
| 999 | |c 8239 |d 8239 | ||
| 942 | |c BK |h 92 D812t |2 z | ||
